| 000 | 00394nam a2200145Ia 4500 | ||
|---|---|---|---|
| 008 | 230411s9999 xx 000 0 und d | ||
| 020 | _a978-1-4511-4633-2 | ||
| 041 | _aeng | ||
| 082 | _aF/610.73/ECK/B08520 | ||
| 100 |
_aEckman Margaret ed _9179928 |
||
| 245 | _aLippincott Nursing Procedures | ||
| 260 |
_bWolters Kluwer _aPhiladelphia _c2013 |
||
| 300 | _a825p | ||
| 999 |
_c158188 _d158188 |
||